The Royal Story Of Tamralipta/ (Record no. 211221)

MARC details
000 -LEADER
fixed length control field 00520nam a22001817a 4500
010 ## - LCCN (DPL NO)
LC control number ENG-144819
020 ## - INTERNATIONAL STANDARD BOOK NUMBER
International Standard Book Number 9789384230630
Terms of availability 300.00
035 ## - SYSTEM CONTROL NUMBER
System control number EN-128351
037 ## - SOURCE OF ACQUISITION
Source of stock number/acquisition DBAD
082 ## - DEWEY DECIMAL CLASSIFICATION NUMBER
Classification number 954.52
100 ## - MAIN ENTRY--PERSONAL NAME
Personal name Roy, Dipendranarayan
245 ## - TITLE STATEMENT
Title The Royal Story Of Tamralipta/
Statement of responsibility, etc Dipendranarayan Roy
260 ## - PUBLICATION, DISTRIBUTION, ETC. (IMPRINT)
Place of publication, distribution, etc Kolkata
Name of publisher, distributor, etc Mandakranta
Date of publication, distribution, etc 2022
270 ## - ADDRESS
Address 6 College Row,
City Kolkata,
Postal code 700009
Telephone number 9330831468
300 ## - PHYSICAL DESCRIPTION
Extent 98p.
Dimensions 22cm.(HB)
700 ## - ADDED ENTRY--PERSONAL NAME
9 (RLIN) 81099
942 ## - ADDED ENTRY ELEMENTS (KOHA)
Source of classification or shelving scheme Dewey Decimal Classification
Item type English Books
Classification part 954.52
Call number suffix Roy
Holdings
Withdrawn status Lost status Not for loan Collection code Home library Current library Date acquired Source of acquisition Cost, normal purchase price Full call number Barcode Copy number Cost, replacement price Koha item type
    Not For Loan Non-fiction D.B.Act.Division D.B.Act.Division 08/05/2025 DBAD 300.00 954.52 Roy EN-128351 1 300.00 English Books

© Delhi Public Library
Hit Counter
free hit counter